000 00667cam a22002053a 4500
001 39361
003 PGUSA
005 20140828083856.0
008 120403s2012||||xxu|||||s|||||000 | eng d
040 _aPGUSA
_beng
042 _adc
100 1 _aMaori, A Pakeha
245 1 0 _aOld New Zealand :
_bA Tale of the Good Old Times; and A History of the War in the North against the Chief Heke, in the Year 1845
_h[electronic resource] /
_cA Pakeha Maori
260 _bProject Gutenberg,
_c2012
506 _aPublic domain in the USA.
516 _aElectronic text
830 0 _aProject Gutenberg
_v39361
856 4 0 _uhttp://www.gutenberg.org/ebooks/39361
942 _cEB
999 _c268614
_d268614